000 00475nam a2200181Ia 4500
005 20250508152152.0
008 008 250505s9999 xx 000 0 hin d
037 _aTextual
040 _aFEDL
_beng
_cFEDL
041 _ahin
_2eng
084 _aFH, GUP
_qFEDL
100 _aGupt Bherav Prasad
_9760945
245 0 _aMahapil
260 _aPrayag, India
_bNilabh Prakashan Grah
_c1957
300 _a192p.
942 _cTEXL
_hFH, GUP
999 _c1334718
_d1334718